[Event "North Bay int."]
[Site "North Bay CAN"]
[Date "1996.08.08"]
[Round "3"]
[White "Dougherty, Michael"]
[Black "Gordon, David"]
[Result "0-1"]
[WhiteElo "2310"]
[BlackElo "2157"]
[PlyCount "50"]
[EventDate "1996.08.07"]
[EventType "swiss"]
[EventRounds "9"]
[EventCountry "CAN"]

1. e4 c5 2. Nf3 Nc6 3. Bb5 g6 4. c3 Nf6 5. e5 Nd5 6. O-O Bg7 7. d4 cxd4 8. cxd4
O-O 9. Nc3 Nxc3 10. bxc3 Qa5 11. Qe2 d6 12. Bd2 Bg4 13. Rab1 dxe5 14. d5 e4 15.
dxc6 exf3 16. gxf3 bxc6 17. Bxc6 Bh3 18. Rfd1 Rac8 19. Rb5 Qxa2 20. Bd5 Qa3 21.
c4 Rfe8 22. Bg5 e6 23. Bb7 Rc5 24. Qe4 Qa4 25. Rc1 Qxb5 0-1

[Event "North Bay int."]
[Site "North Bay CAN"]
[Date "1996.08.08"]
[Round "3"]
[White "Fiedler, Brian"]
[Black "Boross-Harmer, Peter"]
[Result "1-0"]
[WhiteElo "2285"]
[BlackElo "2051"]
[PlyCount "67"]
[EventDate "1996.08.07"]
[EventType "swiss"]
[EventRounds "9"]
[EventCountry "CAN"]
[Source "CFC"]
[SourceDate "2002.12.??"]

1. e4 e6 2. d4 d5 3. Nc3 Nf6 4. Bg5 Be7 5. Bxf6 Bxf6 6. e5 Be7 7. Qg4 g6 8. h4
c5 9. dxc5 Nc6 10. Nf3 Bxc5 11. O-O-O Bxf2 12. Ne4 Be3+ 13. Kb1 h5 14. Qg3 Qb6
15. Nd6+ Kf8 16. Bd3 Rg8 17. Rhf1 Rg7 18. c3 Bd7 19. Ng5 Bxg5 20. Qxg5 Ne7 21.
Rxf7+ Rxf7 22. Nxf7 Kxf7 23. Qf6+ Kg8 24. Qxe7 Qd8 25. Qd6 Rc8 26. Rf1 Rc6 27.
Qb4 g5 28. hxg5 Rb6 29. Qf4 Qe7 30. g6 Be8 31. Qf6 Qa3 32. Rf2 Rxb2+ 33. Rxb2
Qxc3 34. Qf1 1-0

[Event "North Bay int."]
[Site "North Bay CAN"]
[Date "1996.08.08"]
[Round "3"]
[White "Fogarasi, Norbert"]
[Black "Gross, Ronald"]
[Result "1/2-1/2"]
[WhiteElo "2059"]
[BlackElo "2116"]
[PlyCount "53"]
[EventDate "1996.08.07"]
[EventType "swiss"]
[EventRounds "9"]
[EventCountry "CAN"]

1. d4 d5 2. c3 Nf6 3. Bg5 Nbd7 4. e3 g6 5. f4 Bg7 6. Nf3 Ne4 7. Bd3 Nxg5 8.
Nxg5 O-O 9. Nf3 Nf6 10. Nbd2 Bf5 11. Bxf5 gxf5 12. Ne5 e6 13. g4 Nxg4 14. Nxg4
fxg4 15. Qxg4 f5 16. Qh5 Qe8 17. Qxe8 Raxe8 18. Ke2 Bf6 19. Nf3 h6 20. Rhg1+
Kf7 21. Ne5+ Bxe5 22. dxe5 Rg8 23. Rg3 Rxg3 24. hxg3 c6 25. a4 h5 26. b4 Rc8
27. a5 1/2-1/2

[Event "North Bay int."]
[Site "North Bay CAN"]
[Date "1996.08.08"]
[Round "3"]
[White "Heyer, Jon Paul"]
[Black "Filipovich, David"]
[Result "0-1"]
[WhiteElo "2233"]
[BlackElo "2299"]
[PlyCount "86"]
[EventDate "1996.08.07"]
[EventType "swiss"]
[EventRounds "9"]
[EventCountry "CAN"]

1. b3 d5 2. Bb2 Nf6 3. e3 g6 4. f4 Bg7 5. Nf3 O-O 6. Be2 b6 7. O-O Bb7 8. Ne5
c5 9. Bf3 Nbd7 10. c4 e6 11. Nc3 Ne4 12. Nxd7 Qxd7 13. cxd5 exd5 14. d4 Rfe8
15. Bxe4 cxd4 16. exd4 dxe4 17. d5 Rad8 18. Qe2 Bxd5 19. Rad1 Qc6 20. Nxd5 Rxd5
21. Bxg7 Kxg7 22. Qb2+ Kg8 23. Rxd5 Qxd5 24. f5 e3 25. Qe2 Qd2 26. Re1 Kg7 27.
g4 gxf5 28. gxf5 Kf6 29. Kf1 Re4 30. Qf3 e2+ 31. Rxe2 Qxe2+ 32. Qxe2 Rxe2 33.
Kxe2 Kxf5 34. Kf3 a5 35. a3 b5 36. h3 h5 37. Ke3 Ke5 38. Kd3 Kf4 39. b4 axb4
40. axb4 Kg3 41. Ke4 Kxh3 42. Kf4 h4 43. Kf3 f6 0-1

[Event "North Bay int."]
[Site "North Bay CAN"]
[Date "1996.08.08"]
[Round "3"]
[White "Hum, Peter"]
[Black "Thiele, Frank"]
[Result "1-0"]
[WhiteElo "2234"]
[BlackElo "2108"]
[PlyCount "79"]
[EventDate "1996.08.07"]
[EventType "swiss"]
[EventRounds "9"]
[EventCountry "CAN"]

1. e4 c5 2. Nf3 Nc6 3. Bb5 e6 4. O-O Nge7 5. b3 a6 6. Bxc6 Nxc6 7. Bb2 d6 8. d4
cxd4 9. Nxd4 e5 10. Ne2 Be7 11. c4 O-O 12. Nbc3 f5 13. exf5 Bxf5 14. Ng3 Be6
15. Nd5 Bh4 16. Ne4 Bf5 17. Qe2 Ne7 18. Rad1 b6 19. Ba3 Nxd5 20. Rxd5 Bxe4 21.
Qxe4 Be7 22. Rfd1 Rf6 23. Bxd6 Bxd6 24. Rxd6 Rxd6 25. Rxd6 Qxd6 26. Qxa8+ Kf7
27. g3 a5 28. Kg2 Qd4 29. Qf3+ Ke6 30. h3 Qb2 31. Qc6+ Kf5 32. g4+ Kg5 33. Qxb6
Qxa2 34. Kg3 g6 35. h4+ Kh6 36. Qe3+ Kg7 37. Qxe5+ Kf7 38. Qe3 Qa3 39. Kg2 Qb4
40. Qd3 1-0

[Event "North Bay int."]
[Site "North Bay CAN"]
[Date "1996.08.08"]
[Round "3"]
[White "Kiviaho, Robert"]
[Black "Vera, Reynaldo"]
[Result "0-1"]
[WhiteElo "2331"]
[BlackElo "2517"]
[PlyCount "71"]
[EventDate "1996.08.07"]
[EventType "swiss"]
[EventRounds "9"]
[EventCountry "CAN"]
[Source "ChessBase"]
[SourceDate "1997.11.17"]

1. e4 c5 2. Nf3 d6 3. d4 cxd4 4. Nxd4 Nf6 5. Nc3 a6 6. Bg5 e6 7. f4 Nbd7 8. Qf3
Qc7 9. O-O-O b5 10. Bd3 Bb7 11. Rhe1 O-O-O 12. a3 Be7 13. Bh4 Nc5 14. Bf2 d5
15. e5 Nfe4 16. Nce2 Kb8 17. Kb1 Rc8 18. Bg1 g5 19. g3 h5 20. Qe3 Rhg8 21. Rc1
Ba8 22. Red1 gxf4 23. gxf4 Qb7 24. b4 Na4 25. Bxe4 dxe4 26. Nb3 Bd8 27. Rd6 Rg2
28. Ka1 Bb6 29. Ned4 Qc7 30. Nc5 Nxc5 31. bxc5 Qxc5 32. Rxb6+ Qxb6 33. c4 Rxc4
34. Rd1 Bd5 35. f5 Qc7 36. fxe6 0-1

[Event "North Bay int."]
[Site "North Bay CAN"]
[Date "1996.08.08"]
[Round "3"]
[White "Kret, Ted"]
[Black "Chu, Christopher"]
[Result "0-1"]
[WhiteElo "2242"]
[BlackElo "2183"]
[PlyCount "80"]
[EventDate "1996.08.07"]
[EventType "swiss"]
[EventRounds "9"]
[EventCountry "CAN"]

1. d4 d5 2. Nf3 Nf6 3. c4 e6 4. Bg5 Be7 5. e3 O-O 6. Nbd2 Nbd7 7. Qc2 h6 8. Bh4
dxc4 9. Bxc4 c5 10. O-O cxd4 11. exd4 Nb6 12. Bb3 Nbd5 13. Rfe1 b6 14. Rac1 Bb7
15. a3 Rc8 16. Qb1 Nf4 17. Bxf6 Bxf6 18. Rxc8 Qxc8 19. Ne4 Be7 20. Qd1 Rd8 21.
Qd2 Nd5 22. Ne5 Qa8 23. g3 Nf6 24. Nxf6+ Bxf6 25. Qe3 Bxe5 26. dxe5 Bh1 27. Kf1
Qg2+ 28. Ke2 Qxh2 29. Rc1 Qh5+ 30. Ke1 Bf3 31. Bc4 Qh1+ 32. Bf1 Rd5 33. Qc3 Bg2
34. Ke2 Bxf1+ 35. Rxf1 Qh5+ 36. f3 Rxe5+ 37. Kd1 Rd5+ 38. Ke2 Qh2+ 39. Ke3 Qxg3
40. Qc8+ Kh7 0-1

[Event "North Bay int."]
[Site "North Bay CAN"]
[Date "1996.08.08"]
[Round "3"]
[White "Lindsay, Fred"]
[Black "Moussa, Alaa Eddine"]
[Result "1/2-1/2"]
[WhiteElo "2316"]
[BlackElo "2219"]
[PlyCount "53"]
[EventDate "1996.08.07"]
[EventType "swiss"]
[EventRounds "9"]
[EventCountry "CAN"]

1. d4 Nf6 2. c4 e6 3. Nc3 Bb4 4. Bg5 h6 5. Bh4 b6 6. f3 c5 7. d5 Bxc3+ 8. bxc3
d6 9. e3 e5 10. Bd3 Nbd7 11. Bf5 Qc7 12. Ne2 Rb8 13. O-O b5 14. cxb5 Rxb5 15.
c4 Rb4 16. Bd3 O-O 17. Be1 Rb8 18. Ng3 Re8 19. Qc2 Nb6 20. Bd2 Bd7 21. a4 Qd8
22. a5 Nc8 23. f4 Qe7 24. fxe5 dxe5 25. Bf5 Nd6 26. e4 Bc8 27. Bxc8 1/2-1/2

[Event "North Bay int."]
[Site "North Bay CAN"]
[Date "1996.08.08"]
[Round "3"]
[White "Linn, Peter"]
[Black "Saleh, Maher"]
[Result "1-0"]
[WhiteElo "2081"]
[BlackElo "2280"]
[PlyCount "33"]
[EventDate "1996.08.07"]
[EventType "swiss"]
[EventRounds "9"]
[EventCountry "CAN"]

1. e4 Nf6 2. e5 Nd5 3. d4 d6 4. Bc4 Nb6 5. Bb3 dxe5 6. Qh5 e6 7. dxe5 Nc6 8.
Nf3 a5 9. a4 Bb4+ 10. Bd2 Nd4 11. O-O Nxf3+ 12. Qxf3 Bxd2 13. Rd1 Qd4 14. Qe2
Qxb2 15. Qxd2 Nd5 16. Ra2 Qxe5 17. Re1 1-0

[Event "North Bay int."]
[Site "North Bay CAN"]
[Date "1996.08.08"]
[Round "3"]
[White "Morrell, Gord"]
[Black "Linskiy, Oleg"]
[Result "0-1"]
[WhiteElo "2226"]
[BlackElo "2390"]
[PlyCount "57"]
[EventDate "1996.08.07"]
[EventType "swiss"]
[EventRounds "9"]
[EventCountry "CAN"]

1. d4 Nf6 2. c4 c5 3. d5 e6 4. Nc3 exd5 5. cxd5 Bd6 6. Nf3 Bc7 7. d6 Ba5 8. Qd3
Nc6 9. Bg5 h6 10. Bh4 g5 11. Bg3 Kf8 12. O-O-O b5 13. Nd5 Nxd5 14. Qxd5 Bb7 15.
Qf5 Qe8 16. h4 g4 17. Qxg4 c4 18. e3 c3 19. Bd3 cxb2+ 20. Kxb2 Rc8 21. Bf5 Bc3+
22. Kb1 Nb4 23. a3 Rc4 24. Nd4 h5 25. Qf4 Nc6 26. Qg5 Nxd4 27. Qe7+ Qxe7 28.
dxe7+ Kxe7 29. exd4 0-1

[Event "North Bay int."]
[Site "North Bay CAN"]
[Date "1996.08.08"]
[Round "3"]
[White "Pacey, Kevin"]
[Black "Day, Lawrence"]
[Result "0-1"]
[WhiteElo "2297"]
[BlackElo "2444"]
[PlyCount "80"]
[EventDate "1996.08.07"]
[EventType "swiss"]
[EventRounds "9"]
[EventCountry "CAN"]

1. e4 g6 2. d4 Nf6 3. e5 Nh5 4. Be2 Ng7 5. Nf3 d5 6. c3 c6 7. h3 Bf5 8. Nbd2 h5
9. Nh2 Qc7 10. Ndf1 Nd7 11. Ne3 h4 12. Nf3 Be4 13. Ng5 Bf5 14. Nf3 e6 15. Ng4
Be7 16. Bg5 Be4 17. Qd2 Bxf3 18. Bxf3 Nf5 19. Bxe7 Kxe7 20. Ne3 c5 21. Nxf5+
gxf5 22. Qg5+ Kf8 23. O-O Qd8 24. Qf4 cxd4 25. cxd4 Nb8 26. Kh2 Nc6 27. Rfd1 a5
28. g4 hxg3+ 29. fxg3 Ne7 30. Qg5 Qb6 31. Rd2 Rc8 32. Rad1 a4 33. g4 Rc4 34.
gxf5 Nxf5 35. Bxd5 Rxd4 36. Rxd4 Nxd4 37. Bg2 Rg8 38. Qh4 Rxg2+ 39. Kxg2 Qc6+
40. Kf1 Qf3+ 0-1

[Event "North Bay int."]
[Site "North Bay CAN"]
[Date "1996.08.08"]
[Round "3"]
[White "Rajlich, Vasik"]
[Black "Djerkovic, Miladin"]
[Result "1-0"]
[WhiteElo "2340"]
[BlackElo "2323"]
[PlyCount "62"]
[EventDate "1996.08.07"]
[EventType "swiss"]
[EventRounds "9"]
[EventCountry "CAN"]

1. e4 c5 2. Nf3 d6 3. d4 cxd4 4. Nxd4 Nf6 5. Nc3 g6 6. Be3 Bg7 7. f3 O-O 8. Qd2
Nc6 9. g4 Nxd4 10. Bxd4 Be6 11. O-O-O Qa5 12. a3 Rfc8 13. h4 Rab8 14. h5 b5 15.
h6 b4 16. Nb5 Bb3 17. Qxb4 Rxc2+ 18. Kb1 Qxb4 19. axb4 Bf8 20. Rd3 Bc4 21. Kxc2
Rxb5 22. Ra3 Bxf1 23. Rxf1 e5 24. Be3 d5 25. Rxa7 dxe4 26. Bg5 Rb6 27. fxe4
Nxg4 28. Rfxf7 Bxh6 29. Bxh6 Nxh6 30. Rg7+ Kf8 31. Rxh7 Ng8 1-0

[Event "North Bay int."]
[Site "North Bay CAN"]
[Date "1996.08.08"]
[Round "3"]
[White "Sagalchik, Gennadij"]
[Black "Karklins, Andrew"]
[Result "1-0"]
[WhiteElo "2525"]
[BlackElo "2380"]
[PlyCount "121"]
[EventDate "1996.08.07"]
[EventType "swiss"]
[EventRounds "9"]
[EventCountry "CAN"]

1. e4 c5 2. Nf3 Nc6 3. g3 Nf6 4. d3 d5 5. Nbd2 e5 6. Bg2 d4 7. O-O Bd6 8. a4
Bc7 9. Ne1 h5 10. f4 Bg4 11. Ndf3 h4 12. f5 hxg3 13. hxg3 Rh5 14. Qd2 c4 15.
Nh2 c3 16. Qf2 cxb2 17. Bxb2 Rh7 18. Bf3 Bh3 19. Ng2 Ba5 20. Rfb1 Nd7 21. Nh4
Qf6 22. Bc1 O-O-O 23. Bd1 Rdh8 24. N4f3 Bc3 25. Ra3 Qe7 26. Rab3 b6 27. Rb5 Nf6
28. Bg5 Qc7 29. Bh4 Ng4 30. Nxg4 Bxg4 31. Ng5 Bxd1 32. Nxh7 Bg4 33. Ng5 Rh5 34.
Kg2 Ba5 35. Nf3 Bxf3+ 36. Qxf3 Rh8 37. f6 g6 38. Qe2 Rh5 39. Rh1 a6 40. Rb2 Bc3
41. Rbb1 Nd8 42. g4 Ne6 43. Bg3 Rxh1 44. Kxh1 Nc5 45. Qh2 Nxa4 46. Bxe5 Qd8 47.
Qh7 Qe8 48. Bg3 Kb7 49. Qh6 Nc5 50. Qf4 Ne6 51. Qd6 b5 52. Qe7+ Qxe7 53. fxe7
Ng7 54. Rf1 Ne8 55. Rxf7 Kc6 56. e5 Kd7 57. Bh4 Bd2 58. Bf6 Bb4 59. g5 a5 60.
Rf8 a4 61. e6+ 1-0

[Event "North Bay int."]
[Site "North Bay CAN"]
[Date "1996.08.08"]
[Round "3"]
[White "Salman, Joel"]
[Black "Southam, David"]
[Result "1-0"]
[WhiteElo "2356"]
[BlackElo "2308"]
[PlyCount "58"]
[EventDate "1996.08.07"]
[EventType "swiss"]
[EventRounds "9"]
[EventCountry "CAN"]

1. d4 Nf6 2. c4 g6 3. Nc3 Bg7 4. e4 d6 5. Be2 O-O 6. Nf3 Bg4 7. Be3 Nfd7 8. O-O
Nc6 9. d5 Na5 10. Nd4 Bxe2 11. Qxe2 c5 12. Nb3 f5 13. exf5 Bxc3 14. bxc3 Rxf5
15. g4 Rf7 16. f4 Nxb3 17. axb3 Qf8 18. Bd2 Qg7 19. Qe6 Nf8 20. Qe4 a6 21. Rf3
Re8 22. Raf1 e6 23. Kh1 Rfe7 24. dxe6 Rxe6 25. Qd5 Kh8 26. f5 Rf6 27. Bg5 Rf7
28. fxg6 Rxf3 29. Rxf3 Qxg6 1-0

[Event "North Bay int."]
[Site "North Bay CAN"]
[Date "1996.08.08"]
[Round "3"]
[White "Shernoff, Leon"]
[Black "Castaneda, Nelson"]
[Result "0-1"]
[WhiteElo "2100"]
[BlackElo "2272"]
[PlyCount "48"]
[EventDate "1996.08.07"]
[EventType "swiss"]
[EventRounds "9"]
[EventCountry "CAN"]

1. e4 c5 2. Nf3 Nc6 3. d4 cxd4 4. Nxd4 Nf6 5. Nc3 d6 6. Bc4 Qb6 7. Nb3 e6 8.
Qe2 Be7 9. Be3 Qc7 10. O-O-O a6 11. f4 b5 12. Bd3 Bb7 13. g4 Nb4 14. Kb1 O-O
15. g5 Nd7 16. Rhg1 Nxd3 17. Qxd3 Rfd8 18. Nd4 Nc5 19. Qe2 Nxe4 20. f5 Qxc3 21.
fxe6 fxe6 22. Nxe6 Rdc8 23. Bd4 Qc4 24. Qg4 Bd5 0-1

[Event "North Bay int."]
[Site "North Bay CAN"]
[Date "1996.08.08"]
[Round "3"]
[White "Southam, Todd"]
[Black "Khoudgarian, Natalia"]
[Result "1-0"]
[WhiteElo "2398"]
[BlackElo "2215"]
[PlyCount "68"]
[EventDate "1996.08.07"]
[EventType "swiss"]
[EventRounds "9"]
[EventCountry "CAN"]
[Source "ChessBase"]
[SourceDate "1997.11.17"]

1. d4 e6 2. c4 f5 3. g3 Nf6 4. Bg2 c6 5. Nf3 d5 6. O-O Bd6 7. b3 Qe7 8. a4 a5
9. Ba3 b6 10. Qc1 O-O 11. Ne5 Bb7 12. Bxd6 Qxd6 13. Qa3 Qxa3 14. Nxa3 Nfd7 15.
Nd3 Rc8 16. Rfc1 Kf8 17. h3 Na6 18. g4 g6 19. gxf5 gxf5 20. Bf3 Ke7 21. Kh2 Rg8
22. Rab1 Rac8 23. e3 Nb4 24. Nf4 Ba6 25. Be2 Nf6 26. f3 Kd6 27. Nc2 Nxc2 28.
Rxc2 c5 29. Nxe6 Kxe6 30. cxd5+ Nxd5 31. Bxa6 Rc7 32. Bc4 Kd6 33. Rd2 Rcg7 34.
dxc5+ bxc5 1-0

[Event "North Bay int."]
[Site "North Bay CAN"]
[Date "1996.08.08"]
[Round "3"]
[White "Teodoro, Eduardo"]
[Black "Ciaffone, Robert"]
[Result "1-0"]
[WhiteElo "2453"]
[BlackElo "2287"]
[PlyCount "117"]
[EventDate "1996.08.07"]
[EventType "swiss"]
[EventRounds "9"]
[EventCountry "CAN"]

1. e4 c5 2. Nf3 Nc6 3. d4 cxd4 4. Nxd4 Qb6 5. Nb3 Nf6 6. Nc3 e6 7. Be3 Qc7 8.
f4 Bb4 9. Bd3 Bxc3+ 10. bxc3 d6 11. O-O e5 12. f5 h6 13. Qf3 b6 14. g4 Bb7 15.
h4 h5 16. g5 Ng4 17. Bc1 Nb8 18. Ba3 Nd7 19. Rad1 Nc5 20. Bxc5 dxc5 21. Bc4 Rd8
22. Nd2 f6 23. g6 Ke7 24. Rfe1 Bc6 25. Bd5 Ba4 26. c4 Bxc2 27. Rc1 Ba4 28. Nb1
Rxd5 29. exd5 Bd7 30. d6+ Qxd6 31. Rcd1 Bc6 32. Qg3 Qb8 33. Nc3 Re8 34. Rd2 Kf8
35. Nb5 Rd8 36. Red1 Rxd2 37. Rxd2 Nh6 38. Nd6 Ke7 39. Qd3 Qc7 40. Nb5 Qd7 41.
Nxa7 Qxd3 42. Rxd3 Bd7 43. Rb3 Nxf5 44. Rxb6 Nd6 45. Nc6+ Ke6 46. Nb8 Be8 47.
Na6 Bxg6 48. Rc6 Bb1 49. Nxc5+ Ke7 50. Rc7+ Ke8 51. Ne6 Bxa2 52. Nxg7+ Kd8 53.
Ne6+ Ke8 54. c5 Ne4 55. Ng7+ Kd8 56. Ra7 Bd5 57. Nxh5 Nxc5 58. Nxf6 Bf3 59. h5
1-0

[Event "North Bay int."]
[Site "North Bay CAN"]
[Date "1996.08.08"]
[Round "3"]
[White "Wojtkiewicz, Aleksander"]
[Black "Bidal, Jay"]
[Result "1-0"]
[WhiteElo "2555"]
[BlackElo "2288"]
[PlyCount "69"]
[EventDate "1996.08.07"]
[EventType "swiss"]
[EventRounds "9"]
[EventCountry "CAN"]

1. Nf3 f5 2. g3 g6 3. Bg2 Bg7 4. d4 c6 5. c4 d6 6. d5 Nh6 7. O-O O-O 8. Nc3 Nf7
9. Bd2 e5 10. dxe6 Bxe6 11. b3 a5 12. Rc1 Na6 13. Be3 Qe7 14. Qd2 Bf6 15. Na4
Nc7 16. Bb6 Ne8 17. Bxa5 Ng7 18. Rfd1 g5 19. Bc3 Nh5 20. Bxf6 Qxf6 21. Nc3 Rae8
22. e3 Bc8 23. Re1 f4 24. exf4 gxf4 25. Rxe8 Rxe8 26. Re1 Rf8 27. Qd4 Qxd4 28.
Nxd4 Ne5 29. Ne4 f3 30. Nxd6 Nd3 31. Re3 Nxf2 32. Rxf3 Nh3+ 33. Kf1 Bg4 34.
Rxf8+ Kxf8 35. Nxb7 1-0

[Event "North Bay int."]
[Site "North Bay CAN"]
[Date "1996.08.08"]
[Round "3"]
[White "Wolff, Patrick"]
[Black "Olszewski, Piotr"]
[Result "1-0"]
[WhiteElo "2602"]
[BlackElo "2276"]
[PlyCount "63"]
[EventDate "1996.08.07"]
[EventType "swiss"]
[EventRounds "9"]
[EventCountry "CAN"]

1. e4 c5 2. Nf3 e6 3. d4 cxd4 4. Nxd4 Nf6 5. Nc3 d6 6. g4 h6 7. h4 Nc6 8. Rg1
h5 9. gxh5 Rxh5 10. Bg5 Rh8 11. Be2 a6 12. h5 Bd7 13. Qd2 Be7 14. O-O-O Qc7 15.
Nxc6 Bxc6 16. Qf4 Nxh5 17. Bxh5 Rxh5 18. Bxe7 Kxe7 19. Rxg7 Be8 20. Rg5 Rxg5
21. Qxg5+ Kd7 22. e5 d5 23. Ne4 Qd8 24. Qg4 Kc7 25. Nd6 f5 26. Qg7+ Qd7 27. Qf6
Bh5 28. Rg1 Kb6 29. Rg7 Qc6 30. Rxb7+ Qxb7 31. Nxb7 Kxb7 32. Qe7+ 1-0

[Event "North Bay int."]
[Site "North Bay CAN"]
[Date "1996.08.08"]
[Round "3"]
[White "Zendrowski, Jay"]
[Black "Hathaway, John"]
[Result "1-0"]
[WhiteElo "2224"]
[BlackElo "2188"]
[PlyCount "55"]
[EventDate "1996.08.07"]
[EventType "swiss"]
[EventRounds "9"]
[EventCountry "CAN"]

1. e4 e6 2. d4 d5 3. Nc3 Nf6 4. e5 Nfd7 5. f4 c5 6. Nf3 Nc6 7. Ne2 Qa5+ 8. c3
b5 9. dxc5 b4 10. Ned4 Bb7 11. Nb3 Qc7 12. cxb4 Nxb4 13. Be3 Rc8 14. Bb5 Ba6
15. Nfd4 Bxc5 16. Nxc5 Qxc5 17. Rc1 Qb6 18. Rxc8+ Bxc8 19. Qa4 Na6 20. b4 Nab8
21. Nf5 Qc7 22. Nd6+ Ke7 23. Kf2 Nb6 24. Qa5 d4 25. Bxd4 Qc2+ 26. Be2 Nc6 27.
Qc5 Nxd4 28. Nf5+ 1-0

[Event "North Bay int."]
[Site "North Bay CAN"]
[Date "1996.08.09"]
[Round "4"]
[White "Bidal, Jay"]
[Black "Bell, Adam"]
[Result "1-0"]
[WhiteElo "2288"]
[BlackElo "1925"]
[PlyCount "125"]
[EventDate "1996.08.07"]
[EventType "swiss"]
[EventRounds "9"]
[EventCountry "CAN"]

1. f4 d5 2. g3 Nf6 3. Bg2 c5 4. d3 Nc6 5. c3 e5 6. Nh3 Be7 7. Na3 O-O 8. O-O
Qb6 9. Nf2 exf4 10. gxf4 Bf5 11. e4 dxe4 12. dxe4 Rad8 13. Qf3 Bc8 14. Nc4 Qc7
15. Ne3 Ne8 16. Nd5 Qd6 17. f5 Bf6 18. Bf4 Be5 19. Rad1 Bxf4 20. Nxf4 Qh6 21.
Rxd8 Nxd8 22. Nd5 Qd6 23. Ng4 Nc6 24. Qe3 f6 25. Rd1 Kf7 26. Bf3 Qb8 27. Qxc5
Nc7 28. Be2 Nxd5 29. Qxd5+ Ke7 30. Qc5+ Ke8 31. Bb5 Bd7 32. Rd6 Rf7 33. Qd5 Qc7
34. Bc4 Rf8 35. b4 a6 36. Bb3 Ne7 37. Qd2 Nc8 38. Rd4 Ne7 39. c4 Nc6 40. Rd6 h5
41. Ne3 Ne5 42. Kg2 Bc6 43. Re6+ Kf7 44. c5 Bxe4+ 45. Kf2 Rd8 46. Rxe5+ Kf8 47.
Qxd8+ Qxd8 48. Rxe4 Qd2+ 49. Kg3 Qe1+ 50. Kh3 Qf2 51. Bd5 Qf3+ 52. Kh4 Qf2+ 53.
Kxh5 Qxh2+ 54. Kg4 Qe2+ 55. Kg3 Qe1+ 56. Kf3 Qh1+ 57. Ke2 Qh5+ 58. Kd3 g5 59.
Bxb7 Qh2 60. c6 Qxa2 61. c7 Qb1+ 62. Nc2 Qf1+ 63. Kc3 1-0

[Event "North Bay int."]
[Site "North Bay CAN"]
[Date "1996.08.09"]
[Round "4"]
[White "Boudy Bueno, Julio"]
[Black "Teodoro, Eduardo"]
[Result "1-0"]
[WhiteElo "2281"]
[BlackElo "2453"]
[PlyCount "71"]
[EventDate "1996.08.07"]
[EventType "swiss"]
[EventRounds "9"]
[EventCountry "CAN"]

1. e4 c5 2. Nf3 e6 3. d4 cxd4 4. Nxd4 a6 5. Bd3 Nc6 6. Nxc6 dxc6 7. O-O e5 8.
a4 a5 9. Nd2 Bd6 10. Nc4 Bc7 11. b3 Ne7 12. Ba3 Be6 13. Qh5 Ng6 14. g3 Qf6 15.
Rad1 O-O-O 16. Bc5 h6 17. Be3 Kb8 18. Rb1 Qe7 19. Rfd1 b5 20. axb5 cxb5 21. Nb2
Bd7 22. Qe2 Qb4 23. Bd2 Qc5 24. Ra1 h5 25. Be3 Qc6 26. h4 Nf4 27. Qd2 g5 28.
hxg5 Nh3+ 29. Kf1 h4 30. Rxa5 Bxa5 31. Qxa5 Qb7 32. Ra1 hxg3 33. fxg3 Bc6 34.
Qc3 Bxe4 35. Qxe5+ Qc7 36. Qxe4 1-0

[Event "North Bay int."]
[Site "North Bay CAN"]
[Date "1996.08.09"]
[Round "4"]
[White "Bugbee, Brian"]
[Black "Gross, Ronald"]
[Result "1/2-1/2"]
[WhiteElo "2013"]
[BlackElo "2116"]
[PlyCount "99"]
[EventDate "1996.08.07"]
[EventType "swiss"]
[EventRounds "9"]
[EventCountry "CAN"]

1. e4 e5 2. Nf3 Nf6 3. Nc3 Bb4 4. d3 Nc6 5. Bd2 O-O 6. g3 d5 7. Bg2 Bxc3 8.
Bxc3 dxe4 9. dxe4 Nxe4 10. Qxd8 Rxd8 11. Nxe5 Nxc3 12. Nxc6 bxc6 13. bxc3 Ba6
14. Bxc6 Rab8 15. Rd1 Bc4 16. a3 Kf8 17. Bf3 g6 18. Rd4 Rxd4 19. cxd4 Rb2 20.
Kd2 Ra2 21. Bc6 Rxa3 22. Re1 Be6 23. f4 a5 24. Re4 Ra2 25. Re5 a4 26. Rc5 Ke7
27. Bd5 Bxd5 28. Rxd5 Ra1 29. Ra5 Rh1 30. Rxa4 Rxh2+ 31. Kc1 h5 32. Ra3 Rh3 33.
Re3+ Kd6 34. Kd2 h4 35. gxh4 Rxh4 36. Rf3 Ke6 37. Ke3 Rh1 38. Kd3 Kf5 39. c3
Re1 40. Re3 Rxe3+ 41. Kxe3 f6 42. c4 g5 43. fxg5 fxg5 44. Kf3 g4+ 45. Ke3 g3
46. Kf3 g2 47. Kxg2 Ke4 48. d5 Kd4 49. Kf3 Kxc4 50. Ke4 1/2-1/2

[Event "North Bay int."]
[Site "North Bay CAN"]
[Date "1996.08.09"]
[Round "4"]
[White "Campbell, Brett"]
[Black "Balandin, Aleksey"]
[Result "0-1"]
[WhiteElo "2295"]
[BlackElo "2448"]
[PlyCount "116"]
[EventDate "1996.08.07"]
[EventType "swiss"]
[EventRounds "9"]
[EventCountry "CAN"]

1. Nf3 Nf6 2. g3 g6 3. Bg2 Bg7 4. O-O O-O 5. c4 d6 6. d4 Nbd7 7. Nc3 c6 8. e4
e5 9. h3 exd4 10. Nxd4 Qc7 11. Be3 a5 12. Qd2 Re8 13. Rfe1 Nc5 14. Bh6 Bxh6 15.
Qxh6 Nd3 16. Re2 Qb6 17. Qe3 Ne5 18. b3 Bxh3 19. Bxh3 Qxd4 20. Rd1 Qxe3 21.
Rxe3 h5 22. Rxd6 Nfg4 23. Bxg4 hxg4 24. Kf1 Rad8 25. Rxd8 Rxd8 26. Ke2 Kg7 27.
Nb1 a4 28. Nd2 axb3 29. axb3 Ra8 30. Rc3 Ra2 31. Ke3 Rb2 32. c5 Kf6 33. f4 gxf3
34. Nxf3 Nxf3 35. Kxf3 Ke5 36. Ke3 f6 37. Kf3 g5 38. Kg4 Re2 39. Kh5 Rxe4 40.
Kg6 Rb4 41. Rf3 g4 42. Rf5+ Kd4 43. Kh5 Kc3 44. Rxf6 Kxb3 45. Rg6 Rc4 46. Rxg4
Rxc5+ 47. Kh6 b5 48. Rg8 b4 49. g4 Rc1 50. g5 c5 51. g6 c4 52. g7 Rh1+ 53. Kg6
Rg1+ 54. Kf7 c3 55. Rc8 c2 56. Rc6 Rxg7+ 57. Kxg7 Kb2 58. Rc4 b3 0-1

[Event "North Bay int."]
[Site "North Bay CAN"]
[Date "1996.08.09"]
[Round "4"]
[White "Castaneda, Nelson"]
[Black "Salman, Joel"]
[Result "1-0"]
[WhiteElo "2272"]
[BlackElo "2356"]
[PlyCount "55"]
[EventDate "1996.08.07"]
[EventType "swiss"]
[EventRounds "9"]
[EventCountry "CAN"]

1. e4 c5 2. Nf3 Nc6 3. d4 cxd4 4. Nxd4 Nf6 5. Nc3 e5 6. Ndb5 d6 7. Bg5 a6 8.
Na3 b5 9. Bxf6 gxf6 10. Nd5 Bg7 11. Bd3 Ne7 12. Nxe7 Qxe7 13. O-O O-O 14. c4 f5
15. Qh5 f4 16. cxb5 d5 17. exd5 e4 18. d6 Qe6 19. Rae1 Bb7 20. bxa6 Bd5 21. Nb5
f5 22. Nc7 Qxd6 23. Nxd5 Qxd5 24. Bxe4 Qxe4 25. Rxe4 fxe4 26. Qb5 Rfb8 27. Qc4+
Kh8 28. b4 1-0

[Event "North Bay int."]
[Site "North Bay CAN"]
[Date "1996.08.09"]
[Round "4"]
[White "Chu, Christopher"]
[Black "Milicevic, Goran"]
[Result "0-1"]
[WhiteElo "2183"]
[BlackElo "2393"]
[PlyCount "84"]
[EventDate "1996.08.07"]
[EventType "swiss"]
[EventRounds "9"]
[EventCountry "CAN"]

1. d4 Nf6 2. c4 c5 3. d5 b5 4. cxb5 a6 5. b6 Qxb6 6. Nc3 d6 7. a4 a5 8. e4 g6
9. Nf3 Bg7 10. Nd2 Nbd7 11. Nc4 Qb8 12. Be2 Ba6 13. O-O O-O 14. Na3 Bxe2 15.
Qxe2 Qb4 16. Nc2 Qb7 17. Na3 Rfc8 18. Nc4 Ne8 19. Nb5 Nc7 20. Bg5 Nxb5 21. axb5
f6 22. Nxa5 Rxa5 23. Rxa5 fxg5 24. Rfa1 c4 25. Rc1 Qb6 26. Rxc4 Rf8 27. Ra6
Qxb5 28. Rc2 Qb4 29. Ra7 Bd4 30. Ra1 Rxf2 31. Qxf2 Bxf2+ 32. Rxf2 Ne5 33. Raf1
Qxe4 34. Rf8+ Kg7 35. Re8 Ng4 36. Ref8 Ne3 37. R8f7+ Kh6 38. R1f3 g4 39. Rg3
Nf5 40. Rxf5 gxf5 41. h3 Qe1+ 42. Kh2 Qe5 0-1